00383nam a2200121Ia 4500008004100000041000800041100006600049245008600115260002400201300000800225542001500233650001300248220531s9999 xx 000 0 und d amar aकोण्‍णूर एम. बी. आणि इतर aग्रंथालय व माहितीशास्‍त्र कोश aPunebDiamandc2008 a410 d11-09-2009 aGeneral